[Event "Interpolis-01"]
[Site "Tilburg"]
[Date "1977.10.03"]
[Round "9"]
[White "Andersson, Ulf"]
[Black "Hort, Vlastimil"]
[Result "1/2-1/2"]
[WhiteElo "2565"]
[BlackElo "2620"]
[Annotator "Ftacnik,L"]
[PlyCount "37"]
[EventDate "1977.09.23"]
[EventType "tourn"]
[EventRounds "11"]
[EventCountry "NED"]
[EventCategory "14"]
[SourceTitle "MCL"]
[Source "ChessBase"]
[SourceDate "1999.07.01"]
[SourceVersion "1"]
[SourceVersionDate "1999.07.01"]
[SourceQuality "1"]

1. c4 Nf6 2. Nf3 c5 3. g3 b6 4. Bg2 Bb7 5. O-O Nc6 (5... e6 6. b3 Be7 7. Bb2
O-O 8. e3 d5 9. Qe2 Nbd7 10. Nc3 Ne4 11. cxd5 (11. Rfd1 $5 Nxc3 12. Bxc3 Bf6
13. cxd5 Bxd5 14. d4 cxd4 15. Nxd4 Bxg2 16. Kxg2 Rc8 17. Rac1 Bxd4 18. Bxd4 Qe7
19. Qa6 e5 20. Bb2 Nc5 21. Ba3 $14 {Dizdar,G-Naumkin,I/Vokresensk/1990/}) 11...
Nxc3 12. dxc3 (12. Bxc3 $5) 12... Bxd5 13. c4 Bc6 14. Rfd1 {1/2-1/2 /Tal,
M-Adams,M/Buenos Aires/1991}) 6. Nc3 g6 7. b3 (7. d4 Nxd4 8. Nxd4 Bxg2 9. Kxg2
cxd4 10. Qxd4 Bg7 $10) 7... Bg7 8. Bb2 O-O 9. e3 Rc8 10. Rc1 (10. d4 cxd4 11.
exd4 d5 $1) 10... Ba8 11. Re1 Re8 12. Re2 d5 13. Nxd5 Nxd5 14. Bxg7 Kxg7 (14...
Nxe3 $6 15. fxe3 Kxg7 16. d4 $14) 15. cxd5 Qxd5 16. d4 cxd4 17. Rec2 (17. Nxd4
$2 Nxd4 18. Bxd5 Rxc1 $19) 17... Red8 (17... d3 18. Ne1) 18. exd4 (18. Nxd4 $2
Qxg2+ 19. Kxg2 Nxd4+ 20. f3 Nxc2 $17) 18... Bb7 19. Qd2 $13 1/2-1/2

[Event "San Francisco"]
[Site "San Francisco"]
[Date "1991.??.??"]
[Round "9"]
[White "Ftacnik, Lubomir"]
[Black "Browne, Walter Shawn"]
[Result "1-0"]
[WhiteElo "2590"]
[BlackElo "2500"]
[Annotator "Ftacnik,L"]
[PlyCount "121"]
[EventDate "1991.03.??"]
[EventType "tourn"]
[EventRounds "11"]
[EventCountry "USA"]
[EventCategory "12"]
[SourceTitle "CBM 023"]
[Source "ChessBase"]
[SourceDate "1991.08.01"]
[SourceVersion "1"]
[SourceVersionDate "1991.08.01"]
[SourceQuality "1"]

1. Nf3 {Stohl} c5 2. c4 Nf6 3. Nc3 e6 4. g3 b6 5. Bg2 Bb7 6. O-O a6 (6... d6 {
Stohl} 7. Re1 Nbd7 8. e4 Rc8 $6 9. d4 $1 cxd4 10. Nxd4 Rxc4 11. Nxe6 $3 fxe6
12. e5 Bxg2 13. exf6 Nxf6 14. Rxe6+ Kd7 15. Kxg2 Qa8+ 16. f3 Rxc3 17. Rxf6 Rxc1
18. Rf7+ Ke6 19. Qb3+ d5 20. Rxf8 $16 {Greenfeld,A-Ftacnik,L,Beersheba
1990-CBM 17}) 7. Re1 Be7 (7... d6 $142 {Stohl} 8. e4 Qc7 $5 9. b3 Be7 10. Bb2
Nbd7 11. d4 cxd4 12. Nxd4 O-O 13. Rc1 Rfe8 14. h3 Bf8 15. Qd2 g6 16. g4 Rac8
17. Nde2 Qb8 18. Ng3 h6 $10 {Petrosian,A-Stempin,P,Polanica Zdroj 1989}) 8. e4
d6 9. d4 cxd4 10. Nxd4 Qc7 11. Be3 O-O (11... Qxc4 $2 {Stohl} 12. Rc1 Qb4 13.
Nb3 $18 {/\a3}) 12. Rc1 Nbd7 13. f4 Rfe8 (13... Qb8 $5 {Stohl} 14. g4 Rc8 15.
g5 Ne8 16. b3 Bf8 17. Bh3 (17. f5 $5 e5 18. Nde2 b5 19. Nd5 {()}) 17... Nc7 18.
a4 Re8 19. Nde2 Rd8 20. f5 exf5 21. Bxf5 Ne6 $13 {Piggott,J-King,D,BCF-ch 1989,
CBM 15}) 14. Nd5 $5 {N} (14. g4 Nc5 (14... h6 {Stohl} 15. g5 (15. h4 $6 Nc5 16.
Bf2 d5 $1 17. e5 Nfe4 $36 {Cvitan}) 15... hxg5 16. fxg5 Nh7 17. g6 Nhf8 18.
gxf7+ Kxf7 19. Rf1+ {Vaganian,R-Ionescu,Co,Sochi 1986-CBM} Bf6 $5 $14) 15. Bf2
g6 (15... d5 $2 16. cxd5 Qxf4 17. b4 $1 $16 {/\} Nxg4 18. Bg3) 16. b4 Ncd7 17.
Nd5 {Lobron,E-Greenfeld,A/Ljublana-Portoroz/1989/ I 48/34} (17. Nd5 $3 exd5 18.
cxd5 Qd8 19. Nc6 Bxc6 20. dxc6 Nf8 {Lobron,E-Greeenfeld,A,Vidmar-mem 1989-CBM
14} 21. c7 Qd7 22. Bxb6 $16)) (14. f5 $1 {Stohl} Bf8 (14... Nc5 $5) 15. fxe6
fxe6 16. Bh3 Nc5 17. b4 Ncxe4 18. Nxe4 Nxe4 19. Nxe6 Qf7 20. Nxf8 Rxf8 21. Rf1
Qe7 22. Qd4 $16 {Wirthesohn,H-Rajkovic,D,Altensteig 1990-CBM 20}) 14... exd5 (
14... Qb8 15. Nxe7+ Rxe7 $14) 15. cxd5 Qb8 (15... Nc5 16. b4 Qd7 (16... Nfxe4
17. Bxe4 Bf6 18. Bg2 $18) (16... Bf8 {Stohl} 17. Bf2 $14) 17. bxc5 bxc5 18. Nb3
a5 (18... Bf8 19. Bd2 $16) 19. e5 dxe5 20. fxe5 Nxd5 21. Nxc5 Bxc5 22. Rxc5
Rad8 23. Bg5 $14) (15... Qd8 16. Nc6 Bxc6 17. dxc6 Nc5 18. c7 Qc8 (18... Qd7
19. e5 dxe5 20. fxe5 Qxd1 21. Rexd1 Nfe4 22. Bxc5 Bxc5+ 23. Rxc5 $1 bxc5 24.
Bxe4 Rac8 25. Rd7 $18) 19. Bxc5 dxc5 (19... bxc5 {Stohl} 20. e5 dxe5 21. fxe5 (
21. Bxa8 $2 Qxa8 22. fxe5 Nd5) 21... Nd7 (21... Ra7 22. exf6 {/\Bc6} Bxf6 23.
Rxe8+ Qxe8 24. Qd6 $18) (21... Nd5 22. Bxd5 Ra7 23. Qf3 $18) 22. Bxa8 Qxc7 23.
e6 $18) 20. e5 Ra7 21. exf6 Bxf6 22. Qd6 $16) 16. Nc6 Bxc6 17. dxc6 Nc5 18. c7
(18. e5 dxe5 19. c7 Qa7 $6 (19... Qxc7 $1) 20. fxe5 Nfd7 21. e6 $5 fxe6 22.
Bxa8 Qxa8 23. b4 Ne5 24. Bxc5 Nf3+ 25. Qxf3 Qxf3 26. Bxe7 Rc8 27. Rcd1 $1 Qb7
28. Rd8+ Kf7 29. Rxc8 Qxc8 (29... Kxe7 30. Rg8 $18) 30. Bd6 $18) 18... Qxc7 (
18... Qa7 19. Bxc5 (19. e5 $1) 19... bxc5 20. e5 Rac8 21. exf6 Bxf6 22. Qxd6
$16) 19. e5 dxe5 (19... Rac8 20. exf6 Bxf6 21. b4 $18) 20. Bxa8 Rxa8 (20...
exf4 $2 {Stohl} 21. Bxf4 $18) 21. b4 exf4 (21... Rd8 22. Qe2 Nd5 23. bxc5 Nxe3
24. cxb6 $1 Qxb6 25. Qxe3 $16) 22. Bxf4 Qa7 $6 (22... Qb7 $1 23. bxc5 Bxc5+ 24.
Be3 Bb4 25. Re2 b5 (25... Re8 26. Bf2) (25... h5 26. Qb3 $1) 26. Qd4 $10) 23.
bxc5 Bxc5+ 24. Kg2 (24. Be3 $2 Bxe3+ 25. Rxe3 b5 26. Rcc3 b4 27. Rb3 Re8 28.
Kf2 a5 $17) 24... Qb7+ (24... h5 25. Qf3) 25. Qf3 Qxf3+ (25... Nd5 $6 26. Kh1
$1) 26. Kxf3 Nd5 (26... h6 27. Be3 $14) (26... Rd8 27. Rcd1 $14) 27. Bd2 f6 (
27... Nb4 $5 28. Rc4 Nd3 29. Re2 f6 $10) 28. Re2 $1 (28. Re6 Rd8 29. Be1 Nc7
30. Rc6 Nb5 $132) 28... Rd8 29. Rc4 (29. Be1 Nb4 $1 30. Rc4 Nd3 31. Bc3 $10)
29... Kf7 30. Be1 Nc7 (30... Rd7 31. Bf2 Bxf2 32. Kxf2 Rd8 $14) 31. Rd2 $1 (31.
Bf2 Ne6) 31... Rxd2 (31... Nd5 32. Bf2 Bxf2 33. Kxf2 Rd7 $14) 32. Bxd2 Ke6 (
32... Ne6 33. Be3 $14) 33. Be3 Kd5 (33... Bxe3 $2 34. Rxc7 Bh6 35. Rc6+ $18)
34. Rh4 h6 $6 (34... Bxe3 35. Kxe3 h6 36. Rd4+ Kc6 (36... Ke6 {Stohl} 37. Re4+
$1 Kd6 38. Rg4 Ne6 39. Ke4 $16 {/\h4-h5,Kf5}) 37. Rc4+ (37. Ke4 g6 38. Rd8 $18)
37... Kd6 38. Ke4 $14) 35. Bxc5 bxc5 (35... Kxc5 36. Ke4 $1 Kb4 (36... Kd6 37.
Kf5 Ke7 38. Kg6 Ne6 39. Re4 $16) 37. Kf5+ Ka3 38. Kg6 Kxa2 (38... Ne6 39. Re4
Nc5 40. Re2 $18) 39. Rc4 $1 Nd5 40. Ra4+ Kb2 41. Rxa6 $18) 36. Ke3 f5 (36... c4
37. Rh5+) (36... Ne6 37. Ra4 Nc7 38. Kd3 (38. g4 {Stohl /\h4-h5,Kf4-f5} g6 39.
Kd2 {/\Ra3-h3><h6})) 37. Kd3 (37. Rh5 Ke5 38. Kd3 (38. g4 Nd5+ 39. Kd2 Ne7)
38... Nd5 39. Kc4 Nf6 40. Rh4 Ne4) 37... Ne6 38. Ra4 Nc7 (38... c4+ $6 39. Kc3
$1 (39. Rxc4 Nc5+ 40. Kc3 Ne4+ 41. Kb4 a5+ $1 $19) 39... Nc5 40. Ra5 $18) 39.
g4 $1 fxg4 40. Rxg4 g5 (40... Ne6 41. Ra4 Nc7 42. Ra5 (42. Ke3 {Stohl} Ke5 43.
Re4+ Kd6 44. Rg4 {/\Ke4}) 42... g5 43. Ra4) 41. Kd2 Ne6 (41... c4 42. h4 $1 Ne6
43. hxg5 hxg5 44. Kc3 $16) 42. Ra4 Nc7 43. Kd3 h5 44. Ra5 g4 (44... h4 45. Ra4
Ke5 46. Kc4 Kf4 47. Kxc5+ Kf3 48. Kc6 $18) 45. Ra4 Ke5 (45... Ne6 46. Rxa6 h4
47. Ke3) 46. Re4+ $1 (46. Kc4 h4 47. Kxc5 Ne6+ 48. Kb6 Nd4 $132) 46... Kf5 (
46... Kd5 47. Re7 Ne6 48. Ra7 $16) (46... Kd6 $5 47. Kc4 $1 (47. Rf4 Ke5 48.
Rf7 Nd5 $1 (48... Ne6 49. Ra7 $16) 49. a3 h4 $132) 47... Ne6 48. Re3 Nd4 49.
Ra3 $16) 47. Rc4 Ne6 48. Ke3 (48. Ra4 {Stohl} Nf4+ 49. Kd2 (49. Ke3 Nd5+ 50.
Kd2 h4 $14 {<=>}) 49... h4 $132) 48... Ke5 (48... h4 49. Ra4 g3 50. hxg3 hxg3
51. Kf3 Ke5 52. Rxa6 Nd4+ 53. Kxg3 c4 54. Kf2 $18) 49. Ra4 Nc7 50. Re4+ Kf5 (
50... Kd6 51. Kd3 Ne6 52. Ra4 Nc7 53. Kc4 h4 54. Kd3 $1) 51. Rc4 Ne6 52. Ra4 h4
(52... Nc7 53. Ra5) 53. Rxa6 g3 (53... Ng5 54. Rc6 Ne4 55. a4 $18) 54. hxg3
hxg3 (54... h3 55. g4+ Ke5 56. Kf3 Ng5+ 57. Kg3 c4 58. Rg6 $18) 55. Kf3 Nd4+
56. Kxg3 Ke4 57. Ra3 $1 c4 (57... Nb5 {Stohl} 58. Ra5 Nc3 59. Rxc5 $1 Nxa2 60.
Rc2 Nb4 61. Rc4+ $18) 58. Kf2 Nb5 59. Rh3 c3 60. Ke2 Kd4 (60... Nd4+ 61. Kd1
c2+ 62. Kd2 $18) 61. Rh4+ {Ftacnik,L} (61. Rh4+ {Stohl} Kc5 62. Kd3 {/\a4,Kc3 
[Stohl,I]}) 1-0

[Event "Interpolis-02"]
[Site "Tilburg"]
[Date "1978.09.02"]
[Round "2"]
[White "Portisch, Lajos"]
[Black "Huebner, Robert"]
[Result "1-0"]
[WhiteElo "2630"]
[BlackElo "2595"]
[Annotator "Ftacnik,L"]
[PlyCount "119"]
[EventDate "1978.09.01"]
[EventType "tourn"]
[EventRounds "11"]
[EventCountry "NED"]
[EventCategory "14"]
[SourceTitle "MCL"]
[Source "ChessBase"]
[SourceDate "1999.07.01"]
[SourceVersion "1"]
[SourceVersionDate "1999.07.01"]
[SourceQuality "1"]

1. c4 Nf6 2. Nc3 e6 3. Nf3 b6 4. e4 Bb7 5. d3 (5. Bd3 $5 {Romanishin}) (5. Qe2
$5) 5... c5 6. g3 Nc6 (6... d6 {/\ Nbd7!?}) 7. Bg2 Be7 8. O-O O-O 9. d4 cxd4
10. Nxd4 Rc8 11. b3 a6 12. Bb2 Qc7 13. Rc1 {(/\ Nd5)} Qb8 14. Re1 Rfd8 (14...
d6 $5 15. Nxc6 $5 Rxc6 $5 (15... Bxc6 $6 16. Nd5 $1 $16) 16. e5 $5 (16. Nd5 $6
exd5 17. exd5 Rc7 $1 18. Rxe7 Rxe7 19. Bxf6 gxf6 20. Qg4+ Kh8 21. Qh4 $10)) 15.
Nc2 $5 (15. Nxc6 dxc6 $5 (15... Bxc6 $5 16. Nd5 exd5 $5 17. exd5 Bb4 (17... Re8
18. dxc6 $16) 18. Bxf6 gxf6 (18... Bxe1 19. Qg4 $1) 19. Re4 Ba8 20. Qg4+) 16.
Qe2 $14 {(/\ e5)} e5 17. Bh3 (17. Na4 Nd7 $5 18. Bh3 $1)) (15. Nd5 $2 exd5 16.
exd5 Nxd4 17. Rxe7 Qd6 $1 $19 (17... Nf5 18. Bxf6 Nxe7 19. Bxe7 Re8 20. Bg5)
18. Re1 Nf5 19. Be5 Qf8 20. Bxf6 gxf6 21. Qg4+ Ng7) (15. e5 $5) (15. h3) 15...
d6 (15... Na7 $142 16. e5 Ne8 17. a4 Nc6) 16. Qe2 Ba8 17. Rcd1 Nd7 18. Rd2 Na7
{(/\ b5)} 19. Nd4 Ne5 20. Red1 Bf8 (20... Nec6 21. Nxc6 Bxc6 22. Nd5 Bf8 (22...
exd5 23. exd5) 23. Nf6+ Kh8 24. Qh5 gxf6 25. Bxf6+ Bg7 26. Qxf7 Bxf6 27. Qxf6+
$18 {קd6,Pe6,->}) 21. f4 (21. h3 $5 Nec6 22. Nxc6 Bxc6 23. a4 b5 24. cxb5 axb5
25. Qe3 $14) 21... Nec6 22. Nxc6 Bxc6 23. f5 b5 24. fxe6 fxe6 25. Qg4 Re8 26.
cxb5 (26. Rf1 $5 {/\ Nd5, Rf8}) 26... axb5 (26... Nxb5 $2 27. Nxb5 {(/\ Rd6)}
Bxb5 28. Rxd6) 27. Ne2 {(/\ Rd6)} Rc7 28. Nf4 Rf7 $1 29. Kh1 $1 (29. Nxe6 $2
Bd7 $1) (29. Nh5 $6 e5 $6) (29. h4 $5) (29. Rf1 b4 30. Rdf2 Qb6) 29... b4 $5 (
29... Bd7 $2 {(/\ e5)} 30. e5 $1) (29... Qb7 $5) 30. Qe2 {(/\ Qc4)} Bb5 31. Qe3
(31. Qh5) 31... Nc6 32. Bh3 Nd8 33. a4 $1 bxa3 34. Bxa3 d5 $2 (34... Rd7 $16)
35. Bxf8 Rfxf8 (35... Rexf8 $2 36. Nxe6 Rf3 37. Qd4 $18) 36. exd5 exd5 37. Qc3
$18 Qe5 38. Qxe5 Rxe5 39. Bg2 Nc6 40. Rxd5 Rfe8 41. Kg1 (41. Rxb5 $6 Re1+ 42.
Rxe1 Rxe1+ 43. Bf1 Rxf1+ 44. Kg2 Rb1 {/\ 45...Nd4}) 41... Nb4 42. Rxe5 Rxe5 43.
Rd4 $1 Nc6 44. Rd5 Kf8 45. Kf2 (45. Rxb5 $2 Rxb5 46. Bxc6 Rxb3 $10) 45... Ke7
46. Rxe5+ Nxe5 47. h3 g5 (47... Kd6) 48. Ne2 h5 49. Nc3 Bd7 50. Ke3 h4 51. g4
Nxg4+ $5 (51... Ng6 52. Ne4 Bc6 53. Bf1 Bxe4 54. Kxe4 Kf6 $18) 52. hxg4 Bxg4
53. Ne4 Be6 54. b4 g4 55. Kf4 g3 (55... h3 56. Bh1 $18) 56. Ng5 Bc8 57. Ke5 Bg4
(57... Kd7 58. Bh3+ Kc7 59. Bxc8 g2 60. Nh3 Kxc8 $18) 58. b5 Be2 59. b6 Kd7 60.
Ne6 1-0

[Event "Dortmund op-A"]
[Site "Dortmund"]
[Date "1992.??.??"]
[Round "3"]
[White "Van Wely, Loek"]
[Black "Komarov, Dimitri"]
[Result "1/2-1/2"]
[WhiteElo "2560"]
[BlackElo "2455"]
[Annotator "Ftacnik,L"]
[PlyCount "62"]
[EventDate "1992.04.??"]
[EventType "swiss"]
[EventRounds "11"]
[EventCountry "GER"]
[SourceTitle "CBM 029"]
[Source "ChessBase"]
[SourceDate "1992.08.01"]
[SourceVersion "1"]
[SourceVersionDate "1992.08.01"]
[SourceQuality "1"]

1. d4 Nf6 2. c4 e6 3. Nc3 Bb4 4. g3 c5 5. Nf3 b6 6. Bg2 Bb7 7. O-O cxd4 8. Qxd4
Nc6 9. Qd3 O-O 10. Bf4 Rc8 (10... Bxc3 11. Qxc3 d5 12. Rfd1 Qe7 13. Bg5 dxc4
14. Qxc4 h6 15. Bf4 Na5 16. Qd4 Rfd8 17. Bd6 Qe8 18. Qh4 Nd5 19. Ba3 {0,5/
Davidovic,A-Johansen,D/Sydney/1990/}) (10... Na5 11. Nb5 Be4 12. Qd1 d5 13. Qa4
Be7 14. cxd5 Bxd5 15. Rac1 Qe8 16. b3 Bb7 $13 {Van Wely,L-Grooten,H/Belfort op/
1989/}) 11. Bd6 (11. Nb5 d5 $13) 11... Bxd6 12. Qxd6 Qe7 13. Rfd1 Qxd6 14. Rxd6
Ne7 $1 (14... Na5 15. b3 $14) 15. b3 Nf5 (15... Ned5 $6 16. Nxd5 exd5 17. Nd4
$1 $16) 16. Rd3 d5 17. Ne5 (17. cxd5 Nxd5 18. Nxd5 Bxd5 19. Ne1 Bxg2 20. Kxg2
Rfd8 21. Rad1 Rxd3 22. Rxd3 Kf8 $10) 17... Ba6 18. e4 dxc4 $1 (18... dxe4 19.
Nxe4 Nxe4 20. Bxe4 $14) 19. Nxc4 (19. bxc4 Ne7 20. Nb5 Rc5 21. Nd7 Nxd7 22.
Rxd7 Nc6 23. Nxa7 Nxa7 24. Rxa7 Bxc4 $10) 19... Bxc4 20. bxc4 Ne7 21. e5 Ng4
22. f4 (22. Rd7 Nf5 23. f4 Rxc4 $15) 22... Nf5 23. Nb5 Nge3 24. Nxa7 (24. Be4
Rxc4 25. Bxf5 Nxf5 26. Nxa7 h5 $36) 24... Rxc4 25. Bf3 Rd4 26. Rxd4 Nxd4 27.
Kf2 (27. Be4 g6 $10) 27... Nxf3 28. Kxe3 Nxh2 29. Rb1 f6 (29... Ra8 30. Rxb6
$14) 30. Rxb6 (30. exf6 Ra8 31. Nc6 gxf6 32. Rxb6 Rxa2 $15) 30... fxe5 31. Rxe6
exf4+ {Ftacnik,L} 1/2-1/2

[Event "Interpolis-01"]
[Site "Tilburg"]
[Date "1977.10.06"]
[Round "11"]
[White "Huebner, Robert"]
[Black "Gligoric, Svetozar"]
[Result "1-0"]
[WhiteElo "2600"]
[BlackElo "2565"]
[Annotator "Ftacnik,L"]
[PlyCount "133"]
[EventDate "1977.09.23"]
[EventType "tourn"]
[EventRounds "11"]
[EventCountry "NED"]
[EventCategory "14"]
[SourceTitle "MCL"]
[Source "ChessBase"]
[SourceDate "1999.07.01"]
[SourceVersion "1"]
[SourceVersionDate "1999.07.01"]
[SourceQuality "1"]

1. c4 Nf6 2. Nc3 c5 3. g3 e6 4. Nf3 b6 5. Bg2 Bb7 6. O-O Be7 7. d4 cxd4 8. Qxd4
O-O 9. e4 (9. b3 $142 d5 $6 10. Ne5 $16) 9... d6 10. b3 Nbd7 11. Qe3 $6 (11.
Bb2 $142 Nc5 12. Nd2 $10 Ng4 13. Nd5) 11... a6 12. Bb2 Qc7 13. h3 Rfe8 14. Rae1
{P~/=f4-f5} Bf8 15. Kh2 (15. Nd4 g6 16. f4 $2 (16. Kh2 Bg7 17. f4 e5 (17...
Rac8 $13) 18. Nc2 exf4 19. Qxf4 $36 (19. Rxf4 $2 Bh6) (19. gxf4 $2 Nxe4)) 16...
e5 17. Nc2 d5 $16) (15. Nd2 Rac8 16. Kh2 (16. f4 $2 d5 $15) 16... Qb8 17. f4
Qa8 18. Re2 $36) 15... Ne5 (15... Rac8 16. Nd4 Qb8 17. f4 Qa8 18. Re2) (15...
g6 16. Nd2) 16. Qe2 $6 (16. Nxe5 dxe5 17. Ne2 (17. Na4 $6 b5) 17... Bc5 (17...
h6 18. f4 exf4 (18... Bc5 19. Bxe5) 19. Nxf4 $16) 18. Qg5 Nxe4 (18... Nd7 19.
f4 f6 20. Qg4 $40) (18... h6 19. Qxe5 Qxe5 20. Bxe5 Bxe4 (20... Nxe4 21. Nf4
Nd6 (21... f5 22. Nd3 $16) 22. Bxd6 Bxg2 23. Bxc5 Bxf1 24. Bxb6 g5 (24... e5
25. Nd5 Bd3 26. Nc7) 25. Nh5 Reb8 26. Nf6+ Kg7 27. Nd7 Rb7 28. Bd4+ $18) 21.
Bxf6 Bxg2 22. Kxg2 gxf6 23. Nf4 $16 {[+]}) 19. Bxe4 Bxe4 20. Bxe5 f6 21. Bxf6
h6 22. Qe5 $16) 16... Nxf3+ 17. Qxf3 Nd7 18. Qe2 $6 (18. Qd1 $142 Bc6 19. a4
Rab8 20. Qe2 Qb7 21. Nd5 {P 22. b4}) 18... Bc6 19. a4 Rac8 20. Qd1 Qb8 {Pb5}
21. Re3 {P 22. fe1, 23. f1} b5 22. cxb5 axb5 23. axb5 Bxb5 24. Nxb5 Qxb5 25.
Rfe1 Qb4 (25... Nc5 26. Bf1 Qb7 27. Bc4 Red8 $17 {P 28...d5, 28... e4}) 26. Bf1
Rc7 (26... Nc5 27. Qd4 Rb8 28. Qxb4 Rxb4 29. Bc4 Reb8 $10) 27. Qd4 Rb8 (27...
Qb7 28. b4 {P29.b5}) (27... Qxd4 28. Bxd4 Rb8 29. Rb1 Rcb7) 28. Qxb4 Rxb4 29.
Ba3 (29. Rd1 $2 Rcb7 30. Bc4 Rxc4) 29... Rb8 $6 (29... Rb6 30. b4 Ne5 (30... d5
31. exd5 exd5 (31... Bxb4 32. Bxb4 Rxb4 33. dxe6) 32. b5 $36) (30... Rc2 31.
R1e2 Rxe2 32. Bxe2 $16) 31. b5 Nc4 32. Rc3 d5 (32... Nd2 33. Rxc7 Nf3+ 34. Kh1
Nxe1 35. Be2 $18) 33. exd5 Bxa3 (33... exd5 $2 34. Re8 $18) 34. dxe6 Bb4 35. e7
$16) (29... Rd4 $142 $10) 30. Rd1 (30. b4 $143 Ne5 31. b5 Nc4 32. Rc3 d5 33.
exd5 exd5) 30... Nc5 (30... Rc6 31. Kg1 (31. b4 $6 Rc2 32. Kg2 Ne5 {P 33... c4}
) 31... Ne5 32. f4 Nd7 33. b4 {P34.b5}) (30... Rb6 31. Rd2 Ra7 32. b4 Rc7 33.
f4 $36) 31. b4 Na4 32. b5 Rc2 33. Kg2 d5 34. exd5 (34. Bxf8 Kxf8 35. exd5 Nc3
36. Ra1 exd5) 34... Nc3 (34... Bxa3 35. Rxa3 Nc3 36. Bd3 Rxf2+ (36... Nxd1 37.
Bxc2 Nb2 38. dxe6) 37. Kxf2 Nxd1+ 38. Ke2 Nb2 39. Ra2 Nxd3 40. Kxd3 exd5 41.
Kd4 Kf8 42. Kc5 $16) 35. Rc1 Rxc1 36. Bxc1 Nxd5 37. Rb3 Bc5 38. Bd3 h5 39. Bb2
(39. Be4 Nb4 40. Bc6 Nxc6 41. bxc6 Rc8 (41... Rxb3 $2 42. c7) 42. Rc3 Rxc6 43.
Be3 Bxe3 44. Rxc6 Bd4 $10) 39... Rd8 (39... h4 40. Be5) 40. h4 $2 (40. Be4 {
P 41. e5, 42. d5} Nf6 (40... Nb6 41. Bc1 g6) 41. Bxf6 gxf6 42. b6 Kg7 (42...
Rd2 43. b7 Rxf2+ 44. Kh1 Rf1+ 45. Kh2) 43. b7 Ba7 44. Ra3 Bb8 45. h4 f5 46. Bf3
Kg6 47. Ra8 $18) 40... g6 (40... Nb4 41. Be2 Rd2 42. Kf1 {P43.b6} Nd5 $2 43.
Ke1 Rc2 (43... Bb4 44. Rxb4 Rxe2+ 45. Kxe2 Nxb4 46. b6 f6 47. b7 Nc6 48. Ba3 {
P 49. d6+-}) 44. Kd1 $18) 41. Be4 Nb6 42. Bc1 Bd4 (42... Kg7 43. Bf4 (43. Rc3
Bd4 44. Rc6 Rc8) 43... Bd4 44. Rd3 Nc4 {P 45...e5}) (42... Rd1 $6 43. Rc3 Bd4
44. Rc6 e5 45. Bg5 {P 46. d8}) 43. Ba3 Nc4 (43... Kg7 $143 44. Rd3 Bf6 (44...
e5 45. Bc5 Na4 46. Ba7 Bb6 47. Rxd8 Bxd8 48. Bb8 {P 49. d5-/+}) 45. Bd6 $36)
44. Be7 Rc8 $6 (44... Rd7 $10 45. Bg5 (45. Rd3 e5 (45... Nb2 46. Rd2 Nc4 47.
Bc6 Rxe7 (47... Nxd2 48. Bxd7 Nc4 49. f4 {P 50. f3}) 48. Rxd4 Nb6 49. Rd8+ Kg7
50. Rb8 $16) 46. Bc5 (46. Bf6 Rd6 $10) (46. Bg5 Kg7 47. Bc6 (47. Be3 Rd6) 47...
Ra7 48. Bd5 Nb6 $132) 46... Nb2 47. Bxd4 (47. Rd2 Nc4 48. Rd1 Nb2 49. Bxd4 Nxd1
50. Bxe5 Re7 51. f4 f6 52. Bd5+ Kg7 $19) (47. Rxd4 exd4 48. b6 (48. Bc6 $2 d3)
48... Na4 49. b7 Rxb7 $10) 47... Nxd3 48. Be3 Nb2 49. b6 Nc4 50. Bc5 Na5 (50...
Nxb6 $10) 51. Bb4 Nb7 52. Bc6 Rd4 $17) 45... f6 46. Bc1 (46. Bf4 e5) 46... Kg7
$10) 45. Rd3 e5 (45... Bb6 46. Bf6) (45... Bg7 46. Bd8 {Pb6} f5 47. Bb7 Rb8 48.
Bc6 Ne5 49. Bc7 $18) 46. Bd5 $2 (46. Bf6 {P 47. d5, 47. c6, 47.f4} Nd6 47. Bc6
Ne8 48. Bxe8 Rxe8 49. f4 Re6 $2 50. fxe5 Bxe5 51. Rd8+ Kh7 52. Rh8#) 46... Kg7
47. Bb4 (47. Rf3 $143 f5) (47. Rb3 $142 {P 48. c4 c4 49.b6}) 47... Rc7 48. Rd1
(48. Bc3 $6 Ne3+ 49. Rxe3 Rxc3 50. Rxc3 Bxc3 51. b6 Ba5 52. b7 Bc7 53. Kf3 f5
54. Ke3 f4+ $10) 48... Nb6 49. Bc6 Nc8 50. Rd2 $6 (50. f4 $142 f6 51. fxe5 fxe5
52. Kf3 Na7 (52... Ra7 $142) 53. Ba5 (53. Bd6 Rc8 54. Bxe5+ Bxe5 55. Rd7+ Kh6
56. Rxa7 Rf8+ 57. Kg2 Rd8 $14) 53... Rc8 54. Bd7 Rb8 55. Bc7 Rb7 (55... Rf8+
56. Ke4 Rf7 57. b6 $18) 56. Rxd4 exd4 (56... Rxc7 57. Rd6 $16) 57. b6 $16)
50... f6 (50... Na7 $2 51. Bd6 Rc8 52. Bb7 Rc1 53. Rxd4 exd4 54. b6 Nb5 55.
Be5+ f6 56. Bf3 fxe5 57. b7 $18) 51. f4 Ra7 (51... Be3 $6 52. Rd8 exf4 53. Bf8+
Kh7 (53... Kf7 54. Bd5#) 54. Kf3 g5 $2 55. Be4+ Kg8 56. Bd6+ $18) (51... Na7
52. fxe5 Nxc6 53. bxc6 fxe5 54. Rc2 $40) 52. fxe5 fxe5 53. Rc2 (53. Kf3 Ra4 $19
) 53... Ne7 54. Bc5 (54. Be4 Nf5 $10 55. Kf3 Rf7 56. Bd5 Ne3+ 57. Bxf7 Nxc2 $19
) 54... Bxc5 (54... Nxc6 55. bxc6 Bxc5 56. Rxc5 Rc7 57. Kf3 Kf6 58. Ke4 Ke6 59.
Rxe5+) 55. Rxc5 Ra2+ 56. Kf3 Rb2 $2 (56... Kf6 57. b6 Nxc6 58. Rxc6+ Kf5 59. b7
Rb2 60. Rc7 Rb3+ $10) 57. Rxe5 Nf5 $2 (57... Kf6 58. Re2 Rb3+ 59. Re3 Rb4 60.
Bd7 Nf5 (60... Rd4 61. Bh3) 61. Re6+ Kf7 62. Rb6 Nd4+ (62... Rb3+ 63. Kf4 Rb4+
64. Ke5 Nxg3 65. Rb7 Rxh4 66. b6 Rb4 67. Bc6+ Kg8 68. Kf6 $16 {/+-}) 63. Ke3 (
63. Kf4 $2 Ke7 64. Rb7 Ne6+ {P 65... c5-+}) (63. Ke4 $2 Ke7 64. Rb7 Ne6+ 65.
Kd5 Rd4+ 66. Kc6 Rd6#) 63... Ke7 64. Rb7 Kd6 $16 65. Be8 Nf5+ 66. Kf3 (66. Kd3
Kc5 $13 {/+/-}) 66... Rb3+ 67. Kf4 Rb4+ 68. Kg5 Rg4+ 69. Kf6 Nxg3 $13 {/+/-})
58. Bd7 (58. Be4 $2 Rxb5) (58. Kf4 Kf6 $10) 58... Kf6 (58... Rb3+ 59. Kf4 Nxg3
(59... Rb4+ 60. Re4 Rxe4+ 61. Kxe4 Nxg3+ 62. Ke5 $18) 60. Re3 Rxe3 61. Kxe3 {
P ~/=b8 +-}) 59. Re6+ Kf7 60. Ra6 (60. Rb6 $143) 60... Rb3+ (60... Nd4+ 61. Kf4
Nxb5 $2 (61... Ke7 62. Bc6 Nxb5 63. Bxb5 Rxb5 64. Rxg6 {P 65. g5+-} Rb8 65. Kg5
Rh8 66. Rg7+ Ke6 67. Kg6 Kd6 68. Kf6 $18) (61... Rb4 62. Ke5 Nxb5 63. Rb6 Rb3
64. Be6+ $18) 62. Rb6 Rf2+ (62... Rb4+ 63. Kg5 Rb3 64. Be6+ $18) 63. Ke3 Rg2
64. Kf3 $18) 61. Kf4 Rb4+ (61... Nxg3 $2 62. Be6+ $18) (61... Rxg3 $2 62. Bxf5)
62. Ke5 Nxg3 63. b6 g5 (63... Re4+ 64. Kd6 Rxh4 65. b7 Rb4 66. Kc7 Rxb7+ 67.
Kxb7 g5 68. Kc7 g4 69. Ra5 $18) (63... Rxh4 64. b7 Rb4 65. Bc6 h4 66. Ra8 h3
67. b8=Q Rxb8 68. Rxb8 h2 69. Kf4 h1=Q 70. Bxh1 Nxh1 71. Kf3 {<-> h1}) 64. hxg5
h4 65. Bc6 Nh5 (65... h3 66. b7 h2 67. Ra8 h1=Q 68. Bxh1 Nxh1 69. b8=Q Rxb8 70.
Rxb8 $18) (65... Kg6 66. b7 Kxg5 67. Ra8 h3 68. b8=Q Rxb8 69. Rxb8 h2 70. Rh8 {
P 71. f3} Nh5 $18 (70... Nf1 $18)) 66. b7 Nf4 67. Ra8 {Huebner} 1-0